| 000 | 00729nam a22002177a 4500 | ||
|---|---|---|---|
| 003 | OSt | ||
| 005 | 20260310031843.0 | ||
| 008 | 260310b |||||||| |||| 00| 0 eng d | ||
| 020 | _a9780330504201 | ||
| 040 |
_aDWCL-Main Lib _cOC |
||
| 082 |
_2Revised edition _aProf. 658.406 Ad191 2009 |
||
| 100 | _aAdair, John | ||
| 245 | _aEffective innovation : the essential guide to staying ahead of the competition / | ||
| 260 |
_aLondon : _bPan Books, _c c 2009 |
||
| 300 |
_axv , 220 pages : _billustrations ; _c20 cm. |
||
| 504 | _a1. Includes index. | ||
| 650 | _aInnovation - Decision making. | ||
| 650 | _aInnovation - Information management. | ||
| 650 | _aManaging change. | ||
| 942 |
_2ddc _cPROF. _eRevised edition _mProf. _n0 |
||
| 999 |
_c8835 _d8835 |
||